000 00771nam a22002890a 4500
001 PT57418
003 AR-LpoUNG
005 20210131231813.0
008 191001s2016||||ag |||||||||||||||||spa d
020 _a9789504645597
_c$10
040 _aAR-LpoUNG
_bspa
_cAR-LpoUNG
_eaacr
041 _aspa
044 _aag
082 0 _a808.068 3 182ley
100 1 _aFalconi, María Inés
245 1 0 _aLeyendo leyendas
250 _a1ra. ed.
260 _aBuenos Aires :
_bQuipu,
_c2016.
300 _a154 p. :
_bil.
505 0 _aSugerido a partir de 10 años (etiqueta VIOLETA)
650 4 _aLITERATURA
651 4 _aDOCUMENTOS TEORICOS O METODOLOGICOS
653 _aLITERATURA INFANTIL
700 1 _aLavandeira, Sandra
_eil.
905 _a57418
942 _cLIB
999 _c12048
_d12048